000 00887nam a22002297a 4500
008 081201t xxu||||| |||| 00| 0 eng d
010 _aENG-91910
020 _a9788178803494
_c700.00
035 _aEN-75443
037 _bDBAD / PUB
040 _adpl
_bEnglish
082 _a613.071054
100 _aGupta, Jyotsana
245 _aSkill-based health education /
_cby Jyotsana Gupta
260 _aNew Delhi
_bRajat Publications
_c2008
270 _a4675/21, Ansari Road, Daryaganj,
_bNew Delhi
_e110002
300 _avi, 266p.
_c23cm (Hb)
500 _aIncludes bibliographical references and index
650 _aHealth education
_zIndia
942 _2ddc
_cEN
_mGUP
_h613.071054
999 _c19334
_d19334